| 000 | 00779na a2200253 4500 | ||
|---|---|---|---|
| 001 | 14631 | ||
| 003 | MIRAKIL | ||
| 005 | 20181213154805.0 | ||
| 008 | 160919b tu 000 0 | ||
| 020 | _a9759768003 | ||
| 035 | _a14631 | ||
| 040 |
_aMilas _btur _cTR-AnCHP |
||
| 082 |
_aATA 327 _bÖ92a [t.y.] |
||
| 090 | _aATA 327 Ö92a [t.y.] | ||
| 100 | _aÖzdemir, Hikmet | ||
| 245 |
_aAtatürk ve İngiltere _bbir barışmanın diplomatik tarihi _cHikmet Özdemir |
||
| 246 | _abir barışmanın diplomatik tarihi | ||
| 260 |
_a[y. y.] _b[yayl. y.] _c[t.y.] |
||
| 300 |
_a319 s. _c30 sm. |
||
| 504 | _aDizin var. | ||
| 600 |
_aAtatürk, Mustafa Kemal _d1881-1938 _xDış politika _zİngiltere |
||
| 651 |
_aTürkiye _xUluslararası ilişkiler _zİngiltere |
||
| 942 |
_2ddc _cBKS |
||
| 999 |
_c893 _d893 |
||